Traditional Arts of Spanish New Mexico (Record no. 9058)

MARC details
000 -CABECERA
campo de control de longitud fija 01043nam a2200265 a 4500
001 - NÚMERO DE CONTROL
campo de control BRL_245
005 - FECHA Y HORA DE LA ÚLTIMA TRANSACCIÓN
campo de control 20190320210643.0
008 - DATOS DE LONGITUD FIJA--INFORMACIÓN GENERAL
campo de control de longitud fija 160713s1994----u--o######---#000-0#eng-#
020 ## - NÚMERO INTERNACIONAL ESTÁNDAR DEL LIBRO
Número Internacional Estándar del Libro 0890132585
041 ## - CÓDIGO DE LENGUA
Código de lengua del texto/banda sonora o título independiente eng
044 ## - CÓDIGO DEL PAÍS DE LA ENTIDAD EDITORA/PRODUCTORA
Código MARC del país u
050 #4 - SIGNATURA TOPOGRÁFICA DE LA BIBLIOTECA DEL CONGRESO
Número de clasificación NK835.N5
Número de documento/Ítem .G38 1994
100 1# - ENTRADA PRINCIPAL--NOMBRE DE PERSONA
Nombre de persona Gavin, Robin Farwell
9 (RLIN) 1487
245 10 - MENCIÓN DE TÍTULO
Título Traditional Arts of Spanish New Mexico
Resto del título the Hispanic Heritage wing at the Museum of International Folk Art
Mención de responsabilidad, etc. by Robin Farwell Gavin.
260 ## - PUBLICACIÓN, DISTRIBUCIÓN, ETC.
Lugar de publicación, distribución, etc. Santa Fe, Nuevo México
Nombre del editor, distribuidor, etc. Museum of New Mexico Press
Fecha de publicación, distribución, etc. c1994
300 ## - DESCRIPCIÓN FÍSICA
Extensión viii, 96 p.
Otras características físicas il. (algunas a color), mapas
Dimensiones 23 cm.
500 ## - NOTA GENERAL
Nota general Au296
504 ## - NOTA DE BIBLIOGRAFÍA, ETC.
Nota de bibliografía, etc. Bibliografía : p. 93-96
610 24 - PUNTO DE ACCESO ADICIONAL DE MATERIA--NOMBRE DE ENTIDAD CORPORATIVA
Nombre de entidad corporativa o nombre de jurisdicción como elemento de entrada Museum of International Folk Art (N.M.)
Unidad subordinada Hispanic Heritage Wing
Subdivisión de forma Catálogos
9 (RLIN) 23344
650 14 - PUNTO DE ACCESO ADICIONAL DE MATERIA--TÉRMINO DE MATERIA
Término de materia o nombre geográfico como elemento de entrada Artes decorativas español colonial
Subdivisión de forma Catálogos
Subdivisión geográfica Nuevo México
9 (RLIN) 23345
650 14 - PUNTO DE ACCESO ADICIONAL DE MATERIA--TÉRMINO DE MATERIA
Término de materia o nombre geográfico como elemento de entrada Artes decorativas hispanoamericanas
Subdivisión de forma Catálogos
Subdivisión geográfica Nuevo México
9 (RLIN) 23346
650 14 - PUNTO DE ACCESO ADICIONAL DE MATERIA--TÉRMINO DE MATERIA
Término de materia o nombre geográfico como elemento de entrada Artes decorativas
Subdivisión de forma Catálogos
Subdivisión geográfica Santa Fe, Nuevo México
9 (RLIN) 23347
902 ## - CATALOGADOR
Iniciales GRL
942 ## - ELEMENTOS DE PUNTO DE ACCESO ADICIONAL (KOHA)
Fuente del sistema de clasificación o colocación Library of Congress Classification
Tipo de ítem Koha Libros
Holdings
Estado de retiro Estado de pérdida Estado dañado No para préstamo Localización permanente Ubicación/localización actual Fecha de adquisición Número de inventario Total de préstamos Signatura topográfica completa Código de barras Fecha visto por última vez Precio válido a partir de Tipo de ítem Koha
El ejemplar forma parte de la colección y puede ser consultado según las políticas vigentes.       Biblioteca Centro de Estudios Ruth D. Lechuga Biblioteca Centro de Estudios Ruth D. Lechuga 08/07/2013 Au296   NK835.N5 .G38 1994 (Au296) GRL00260 22/03/2019 22/03/2019 Libros